Chansons les plus streamées : Dalida - Statistiques

Statistiques générales
  • Ce quiz a été pris 302 fois
    51 depuis la dernière actualisation
  • Le résultat moyen est 5 sur 10
Statistiques - réponses
Nb de streams Chanson % Correct
34 000 000 Monday, Tuesday... Laissez-moi danser
84%
44 000 000 Mourir sur scène
84%
25 500 000 Gigi l'amoroso
82%
27 500 000 Il venait d'avoir 18 ans
70%
88 500 000 Paroles paroles (avec Alain Delon)
64%
26 500 000 Le temps des fleurs
39%
14 500 000 Salma Ya Salama
39%
63 500 000 Love In Portofino
27%
15 500 000 Histoire d'un amour
14%
12 000 000 Vive le vent
7%
Aucun quiz correspondant
Distribution des résultats
% des personnes avec chaque résultat
Percentile par nombre de réponses
Votre historique - résultats
Vous n’avez pas pris ce quiz depuis la dernière actualisation